sentiment en anglais - Statistiques

Statistiques générales
  • Ce quiz a été pris 20 fois
  • Le résultat moyen est 3 sur 21
Statistiques - réponses
Français Anglais % Correct
contrarié upset
41%
déçu/ perdu disapointed
35%
offensé offended
35%
soulagé relieved
35%
en avoir marre de fed up
29%
désespéré desperate
24%
exhapéré exhausted
24%
stupéfait stunned
24%
étonné astonished
12%
horrible awful
12%
crever de faim starving
12%
plaisant delighted
6%
trempé soacked
6%
imprésionné awestruck
0%
perplexe bewildered
0%
estomaqué gobsmacked
0%
dégouté gutted
0%
ravi overjoyed
0%
boulversé overwhelmed
0%
crevé/ épuisé shattered
0%
surexcité thrilled
0%
Aucun quiz correspondant
Distribution des résultats
% des personnes avec chaque résultat
Percentile par nombre de réponses
Votre historique - résultats
Vous n’avez pas pris ce quiz